000
00313nam a2200121Ia 4500
005
20251222155149.0
008
251222s9999||||xx |||||||||||||| ||spa||
082
_a
LEN.100
100
_a
AlegrÃa Zegarra H.
245
0
_a
Pensamientos y recopilación de refranes populares
264
_b
Copi Cervice
942
_c
LIB
999
_c
39509
_d
39509